Principios de administración de operaciones
| Main Authors: | , |
|---|---|
| Format: | Section = Libro |
| Language: | Undetermined Spanish |
| Published: |
México
Pearson Educación
2014
|
| Edition: | 9a ed. |
| Subjects: |
| LEADER | 00857nam a2200301Ia 4500 | ||
|---|---|---|---|
| 008 | 240830s9999 xx 000 0 und d | ||
| 020 | |a 978-607-32-2336-2 | ||
| 040 | |a B-ESTELÍ- RUACS / 658.1 R397 | ||
| 041 | |a spa | ||
| 082 | |a 658.1 R397 | ||
| 100 | 1 | |a Render, Barry | |
| 100 | 1 | |b Heizer, Jay | |
| 245 | 1 | 0 | |a Principios de administración de operaciones |
| 250 | |a 9a ed. | ||
| 260 | |a México |b Pearson Educación |c 2014 | ||
| 300 | |a 720 p.: il. | ||
| 650 | 7 | |a ADMISTRACIÓN DE OPERACIONES | |
| 650 | 7 | |b DISEÑO DE OPERACIONES | |
| 650 | 7 | |c BIENES Y SERVICIOS | |
| 650 | 7 | |d CALIDAD | |
| 650 | 7 | |e ESTRATEGIA DEL PROCESO | |
| 650 | 7 | |f LOCALIZACIÓN | |
| 650 | 7 | |g INSTALACIONES | |
| 650 | 7 | |h RECURSOS HUMANOS, DISEÑO Y MEDICIÓN DEL TRABAJO | |
| 650 | 7 | |i CADENA DE SUMINISTRO | |
| 942 | |c BK |2 ddc | ||
| 991 | |a TEXTO | ||
| 999 | |c 11438 | ||